| 000 | 01042nas a2200349 4500 | ||
|---|---|---|---|
| 001 | BR0205033 | ||
| 003 | BR-BrBNA | ||
| 005 | 20231205103304.0 | ||
| 007 | ta | ||
| 008 | 230509b bl.|||p| |||| 00| 00por d | ||
| 040 |
_aBR-BrBNA _bpor _cBiblioteca Nacional de Agricultura |
||
| 041 | _a(En) | ||
| 072 | _aF30 | ||
| 100 | 1 | _aQueiroz, M.A. de | |
| 100 | 1 | _aDias, R. de C.S. | |
| 100 | 1 | _aFerreira, M.A.J.F. | |
| 100 | 1 | _aSouza, F. de F. | |
| 100 | 1 | _aRamos, S.R.R. | |
| 100 | 1 | _aAssis, J.G. de A. | |
| 100 | 1 | _aRomão, R.L. | |
| 100 | 1 | _aBorges, R.M.E. | |
| 245 | 1 | _aGenetic resources and watermelon breeding at Embrapa Semi-Arido | |
| 650 | _aMELANCIA | ||
| 650 | _aMELHORAMENTO GENÉTICO VEGETAL | ||
| 650 | _aRECURSO GENÉTICO | ||
| 650 | _aBANCO DE GERMOPLASMA | ||
| 650 | _aVARIEDADE RESISTENTE | ||
| 650 | _aMÉTODO | ||
| 773 | 0 |
_tCrop Breeding and Applied Biotechnology (Brazil) _xISSN 1518-7853 _g(Sep 2001), v. 1(3) p. 301-312 _wBR0205033 |
|
| 909 |
_a202311 _bLúcia _c55 _dLúcia Elande |
||
| 942 |
_2AGRIS _n0 _cANA |
||
| 999 |
_c172088 _d172088 |
||